| 000 | 00808nam a22001817a 4500 | ||
|---|---|---|---|
| 005 | 20250403154204.0 | ||
| 010 | _aHIN-129586 | ||
| 020 |
_a9789380458823 _c500.00 |
||
| 035 | _aHN-101932 | ||
| 037 | _bDBAD | ||
| 082 | _a921 | ||
| 100 |
_aसिंह, शरद _980235 |
||
| 245 |
_aमहामना मदनमोहन मालवीय / _cशरद सिंह _hहिन्दी |
||
| 260 |
_aनई दिल्ली _bसामयिक बुक्स _c2023 |
||
| 270 |
_a3320-21, जटवाडा, दरियागंज, एन.एस. मार्ग, _bनई दिल्ली _e110002 _k9811607086, 011-23270715 _msamayikprakashan@gmail.com |
||
| 300 |
_a191पृ. _c22सेमी (सजिल्द ) |
||
| 942 |
_2ddc _cHN _h921 _mशरद _eप्रथम |
||
| 999 |
_c210750 _d210750 |
||